[Event "MARIENBAD OPEN 2020 - A, B - closed tournaments"]
[Site "?"]
[Date "2020.01.23"]
[Round "1"]
[White "Gorbatov, Alexej"]
[Black "Nguyen, Alex Dac-Vuong"]
[Result "1-0"]
[BlackElo "2401"]
[WhiteElo "2355"]
[LiveChessVersion "1.4.8"]

1. Nf3 c5 2. c4 Nf6 3. d4 cxd4 4. Nxd4 e6 5. a3 Be7 {[%clk 1:27:28]} 6. Nc3
{[%clk 1:30:08]} d5 {[%clk 1:27:10]} 7. Bf4 {[%clk 1:24:23]} Nbd7
{[%clk 1:18:00]} 8. Ndb5 {[%clk 1:15:19]} e5 {[%clk 1:18:00]} 9. cxd5
{[%clk 1:15:38]} Bc5 {[%clk 1:13:29]} 10. Bg3 {[%clk 1:11:21]} a6
{[%clk 0:57:56]} 11. b4 {[%clk 1:11:15]} axb5 {[%clk 0:57:46]} 12. bxc5
{[%clk 1:08:36]} Qa5 {[%clk 0:56:43]} 13. Rc1 {[%clk 1:07:26]} Ne4
{[%clk 0:53:53]} 14. Qb3 {[%clk 1:03:39]} Nexc5 {[%clk 0:48:18]} 15. Qb4
{[%clk 1:02:30]} Qxa3 {[%clk 0:45:06]} 16. Qxa3 {[%clk 1:02:47]} Rxa3
{[%clk 0:45:34]} 17. Nxb5 {[%clk 1:00:37]} Rb3 {[%clk 0:44:52]} 18. e3
{[%clk 0:59:24]} f6 {[%clk 0:36:03]} 19. Bc4 {[%clk 0:57:40]} Rb4
{[%clk 0:35:56]} 20. O-O {[%clk 0:54:55]} Nb6 {[%clk 0:31:02]} 21. Be2
{[%clk 0:51:32]} Nba4 {[%clk 0:31:12]} 22. f4 {[%clk 0:47:17]} e4
{[%clk 0:29:56]} 23. f5 {[%clk 0:44:03]} Bd7 {[%clk 0:28:13]} 24. Bh5+
{[%clk 0:39:27]} Ke7 {[%clk 0:25:44]} 25. Bd6+ {[%clk 0:39:05]} Kd8
{[%clk 0:26:10]} 26. Nd4 {[%clk 0:38:30]} b6 {[%clk 0:20:32]} 27. Ne6+
{[%clk 0:37:45]} Bxe6 {[%clk 0:20:57]} 28. dxe6 {[%clk 0:35:56]} Rb3
{[%clk 0:20:15]} 29. Rfd1 {[%clk 0:30:11]} Rd3 {[%clk 0:18:22]} 30. Be2
{[%clk 0:24:44]} Rxd6 {[%clk 0:15:00]} 31. Rxd6+ {[%clk 0:25:00]} Ke7
{[%clk 0:15:29]} 32. Rc6 {[%clk 0:23:54]} g6 {[%clk 0:15:50]} 33. g4
{[%clk 0:18:40]} Rg8 {[%clk 0:14:53]} 34. Kh1 {[%clk 0:17:33]} gxf5
{[%clk 0:12:37]} 35. gxf5 {[%clk 0:18:00]} Rg5 {[%clk 0:12:49]} 36. Rg1
{[%clk 0:17:35]} Rxg1+ {[%clk 0:11:00]} 37. Kxg1 {[%clk 0:17:57]} Nc3
{[%clk 0:11:19]} 38. Bc4 {[%clk 0:16:12]} N5a4 {[%clk 0:10:19]} 39. Rc7+
{[%clk 0:14:59]} Ke8 {[%clk 0:10:45]} 40. Ra7 {[%clk 0:11:57]} Nb2
{[%clk 0:11:06]} 41. Ba6 {[%clk 0:09:29]} Nbd1 {[%clk 0:10:41]} 42. Bb7
{[%clk 0:08:29]} Ke7 {[%clk 0:10:51]} 43. Bxe4+ {[%clk 0:08:23]} Kd6
{[%clk 0:11:15]} 44. Bf3 {[%clk 0:07:35]} Nxe3 {[%clk 0:11:40]} 45. e7
{[%clk 0:07:45]} Nxf5 {[%clk 0:12:05]} 46. e8=Q {[%clk 0:08:07]} 1-0

[Event "MARIENBAD OPEN 2020 - A, B - closed tournaments"]
[Site "?"]
[Date "2020.01.23"]
[Round "1"]
[White "Lakshyesh, Mohan Gupta"]
[Black "Laxman, R.R."]
[Result "0-1"]
[BlackElo "2441"]
[WhiteElo "1757"]
[LiveChessVersion "1.4.8"]

1. e4 e5 2. Nf3 Nc6 3. Bc4 Bc5 4. b4 Bb6 5. a4 a6 6. O-O Nf6 7. d3 h6 8. a5 Ba7
9. Ba3 d6 10. c3 {[%clk 1:27:43]} O-O {[%clk 1:34:06]} 11. h3 {[%clk 1:26:06]}
Kh8 {[%clk 1:34:04]} 12. Bc1 {[%clk 1:22:08]} Nh7 {[%clk 1:33:37]} 13. Be3
{[%clk 1:10:44]} f5 {[%clk 1:33:52]} 14. Bd5 {[%clk 1:08:18]} f4 {[%clk 1:32:40]}
15. Bxa7 {[%clk 1:07:48]} Nxa7 {[%clk 1:32:40]} 16. d4 {[%clk 1:07:16]} Qf6
{[%clk 1:32:46]} 17. dxe5 {[%clk 0:58:34]} dxe5 {[%clk 1:33:14]} 18. Nh2
{[%clk 0:59:01]} Nb5 {[%clk 1:32:34]} 19. Qh5 {[%clk 0:49:47]} c6
{[%clk 1:31:43]} 20. Bc4 {[%clk 0:48:25]} Ng5 {[%clk 1:31:34]} 21. Nf3
{[%clk 0:46:55]} Nd6 {[%clk 1:30:15]} 22. Bd3 {[%clk 0:45:43]} Nxf3+
{[%clk 1:30:17]} 23. Qxf3 {[%clk 0:45:03]} Nf7 {[%clk 1:30:45]} 24. Qe2
{[%clk 0:39:47]} f3 {[%clk 1:30:33]} 25. Qxf3 Qxf3 {[%clk 1:30:57]} 26. gxf3
{[%clk 0:38:41]} Ng5 {[%clk 1:31:24]} 27. Nd2 {[%clk 0:38:43]} Rd8
{[%clk 1:31:43]} 28. h4 {[%clk 0:35:32]} Nh3+ {[%clk 1:32:12]} 29. Kh2
{[%clk 0:35:54]} Rxd3 {[%clk 1:32:02]} 30. Nc4 {[%clk 0:36:14]} Rxf3
{[%clk 1:31:37]} 31. Rad1 {[%clk 0:34:45]} Be6 {[%clk 1:31:55]} 32. Nxe5
{[%clk 0:34:39]} Rxf2+ {[%clk 1:32:16]} 33. Rxf2 {[%clk 0:34:09]} Nxf2
{[%clk 1:32:44]} 34. Rf1 {[%clk 0:30:50]} Nxe4 {[%clk 1:31:45]} 35. Ng6+
{[%clk 0:30:36]} Kg8 {[%clk 1:32:13]} 36. Re1 {[%clk 0:29:30]} Bf7
{[%clk 1:32:39]} 37. Ne7+ {[%clk 0:20:33]} Kf8 {[%clk 1:33:07]} 38. Rxe4
{[%clk 0:21:02]} Re8 {[%clk 1:33:36]} 0-1

[Event "MARIENBAD OPEN 2020 - C - FIDE open"]
[Site "Hotel Continental, Hlavni trid"]
[Date "2020.01.18"]
[Round "1"]
[White "QUESADA VERA, Liordis"]
[Black "ZAVIVAEV, Ilya"]
[Result "1-0"]
[WhiteElo "2386"]
[BlackElo "1741"]
[PlyCount "35"]
[EventDate "2020.01.18"]

1. c4 c6 2. Nf3 Nf6 3. g3 d5 4. Bg2 dxc4 5. Na3 b5 6. d3 cxd3 7. Ne5 Qa5+ 8.
Bd2 Qb6 9. Qb3 Be6 10. Qxd3 Bd5 11. Bxd5 Nxd5 12. Qf5 Qb7 13. Qxf7+ Kd8 14. Qe6
Ke8 15. Bg5 Nb6 16. Qf7+ Kd8 17. O-O-O+ Kc8 18. Qe6+ 1-0

[Event "MARIENBAD OPEN 2020 - C - FIDE open"]
[Site "Hotel Continental, Hlavni trid"]
[Date "2020.01.18"]
[Round "1"]
[White "VAIBHAV, Kalpaka"]
[Black "HAUGLI, Petter"]
[Result "0-1"]
[WhiteElo "1652"]
[BlackElo "2228"]
[PlyCount "48"]
[EventDate "2020.01.18"]

1. e4 c5 2. d3 e6 3. c3 d5 4. exd5 Qxd5 5. d4 Nf6 6. Be2 Nc6 7. c4 Qd7 8. dxc5
Qxd1+ 9. Bxd1 Bxc5 10. Nf3 O-O 11. a3 e5 12. O-O e4 13. Ng5 Bf5 14. Be3 Bxe3
15. fxe3 Bg6 16. Bc2 Rfe8 17. Rf4 Nh5 18. Rh4 f5 19. g4 fxg4 20. Rxg4 Ne5 21.
Rxe4 Nf6 22. Ba4 Nxe4 23. Nxe4 Nf3+ 24. Kg2 Bxe4 0-1

[Event "MARIENBAD OPEN 2020 - C - FIDE open"]
[Site "Hotel Continental, Hlavni trid"]
[Date "2020.01.18"]
[Round "1"]
[White "VALENTA, Vit"]
[Black "SIMEONOV, Tihomir"]
[Result "1-0"]
[WhiteElo "2103"]
[BlackElo "1547"]
[PlyCount "53"]
[EventDate "2020.01.18"]

1. b4 e5 2. Bb2 d6 3. g3 Bd7 4. Bg2 Bc6 5. Nf3 a5 6. c3 Qd7 7. d3 Be7 8. O-O g5
9. e4 g4 10. Ne1 axb4 11. cxb4 Ba4 12. Qd2 Nf6 13. Nc3 Bc6 14. Nc2 Rg8 15. d4
b6 16. Nd5 Rg6 17. dxe5 dxe5 18. Bxe5 Nxd5 19. exd5 Bb5 20. Rfe1 Ra4 21. a3 Kd8
22. Nd4 Bc4 23. Rac1 b5 24. Be4 Bg5 25. Bf4 Bxf4 26. Qxf4 Rga6 27. Nc6+ 1-0

[Event "MARIENBAD OPEN 2020 - C - FIDE open"]
[Site "Hotel Continental, Hlavni trid"]
[Date "2020.01.18"]
[Round "1"]
[White "ZAVIVAEVA, Evelina"]
[Black "TSOTSONAVA, Elene"]
[Result "0-1"]
[WhiteElo "1540"]
[BlackElo "2078"]
[PlyCount "51"]
[EventDate "2020.01.18"]

1. e4 c5 2. Nf3 e6 3. d4 cxd4 4. Nxd4 Nc6 5. Nc3 Qc7 6. Be3 a6 7. Bc4 Nf6 8. f3
b5 9. Bb3 Bb7 10. Qd2 Qc8 11. O-O-O Bb4 12. Nxc6 Bxc6 13. Kb1 O-O 14. Bd4 e5
15. Bf2 a5 16. a3 Be7 17. Nd5 Bxd5 18. Bxd5 Nxd5 19. exd5 d6 20. Qc1 b4 21. a4
Qd7 22. b3 Rac8 23. Bb6 Bg5 24. Qb2 Qf5 25. Bxa5 Bf4 26. Rhe1 0-1

[Event "MARIENBAD OPEN 2020 - C - FIDE open"]
[Site "Hotel Continental, Hlavni trid"]
[Date "2020.01.18"]
[Round "1"]
[White "MULLEROVA, Katerina"]
[Black "HOKE, Petr"]
[Result "0-1"]
[WhiteElo "1473"]
[BlackElo "2011"]
[PlyCount "48"]
[EventDate "2020.01.18"]

1. e4 g6 2. d4 Bg7 3. Nf3 d6 4. Be2 Nd7 5. c3 a6 6. Be3 b6 7. Nbd2 Bb7 8. O-O
Ngf6 9. Bd3 Ng4 10. Bg5 h6 11. Bh4 g5 12. Bg3 Ngf6 13. Qe2 Nh5 14. Rae1 O-O 15.
e5 Nxg3 16. fxg3 dxe5 17. Nxg5 e6 18. Nh7 Re8 19. Qg4 f5 20. Qg6 Nf6 21. Nxf6+
Qxf6 22. Qxf6 Bxf6 23. dxe5 Rad8 24. Re3 Bg5 0-1

[Event "MARIENBAD OPEN 2020 - C - FIDE open"]
[Site "Hotel Continental, Hlavni trid"]
[Date "2020.01.18"]
[Round "1"]
[White "KUTTNER, Jaromir"]
[Black "CAP, Piotr"]
[Result "0-1"]
[WhiteElo "1413"]
[BlackElo "1978"]
[PlyCount "71"]
[EventDate "2020.01.18"]

1. e4 d6 2. d4 c6 3. Nc3 Qc7 4. f4 Nd7 5. Nf3 e5 6. Be2 Ngf6 7. O-O Be7 8. fxe5
dxe5 9. Nxe5 Nxe5 10. dxe5 Qxe5 11. Bf4 Qe6 12. Bf3 O-O 13. Qe2 Nd7 14. Bg4
Bc5+ 15. Kh1 Qe7 16. Rad1 Re8 17. a3 Nf8 18. b4 Bxg4 19. Qxg4 Bb6 20. Bd6 Qe6
21. Qg3 Ng6 22. h4 Rad8 23. h5 Nf8 24. e5 Kh8 25. Ne4 Qh6 26. Qh2 Kg8 27. c4
Be3 28. Rd3 Ne6 29. Rf3 Bc1 30. g4 Ng5 31. Nf6+ gxf6 32. Rxf6 Qxf6 33. exf6
Re1+ 34. Kg2 Re2+ 35. Kh1 Rxh2+ 36. Kxh2 0-1

[Event "MARIENBAD OPEN 2020 - C - FIDE open"]
[Site "Hotel Continental, Hlavni trid"]
[Date "2020.01.18"]
[Round "1"]
[White "GOODING, Ian"]
[Black "MARESOVA, Michaela"]
[Result "1-0"]
[WhiteElo "1973"]
[BlackElo "1397"]
[PlyCount "35"]
[EventDate "2020.01.18"]

1. e4 d5 2. exd5 Qxd5 3. Nc3 Qa5 4. d4 c6 5. Bd3 Nf6 6. Nge2 Bg4 7. f3 Bh5 8.
Bd2 Qc7 9. Ng3 Bg6 10. Nge4 Nbd7 11. Qe2 Nd5 12. O-O-O N7f6 13. Kb1 Qb6 14.
Nd6+ Kd7 15. Bxg6 fxg6 16. Nf7 Rg8 17. Ng5 Qxd4 18. Bf4 1-0

[Event "MARIENBAD OPEN 2020 - C - FIDE open"]
[Site "Hotel Continental, Hlavni trid"]
[Date "2020.01.18"]
[Round "1"]
[White "ANYA, Seth Syed"]
[Black "VACHA, Jaroslav"]
[Result "1/2-1/2"]
[WhiteElo "1395"]
[BlackElo "1949"]
[PlyCount "68"]
[EventDate "2020.01.18"]

1. e4 d5 2. exd5 c6 3. dxc6 Nxc6 4. Nf3 e5 5. d3 Bd6 6. Nc3 f5 7. Bg5 Nf6 8.
Qe2 O-O 9. O-O-O Be6 10. d4 e4 11. d5 Bf7 12. dxc6 exf3 13. gxf3 bxc6 14. Qd3
Be7 15. Qxd8 Rfxd8 16. Bg2 h6 17. Be3 Rdc8 18. Rhe1 Bb4 19. Bd2 a5 20. a3 Bf8
21. Bf4 Nd5 22. Be5 f4 23. Nxd5 cxd5 24. Bxf4 Bg6 25. c3 Bxa3 26. Be5 Bf8 27.
f4 Ra7 28. Bxd5+ Kh8 29. Bd4 Bc5 30. Bxc5 Rxc5 31. Be4 Bxe4 32. Rxe4 a4 33.
Rd8+ Kh7 34. h4 a3 1/2-1/2

[Event "MARIENBAD OPEN 2020 - C - FIDE open"]
[Site "Hotel Continental, Hlavni trid"]
[Date "2020.01.18"]
[Round "1"]
[White "HELD, Martin"]
[Black "PEGLAU, Paul David"]
[Result "1-0"]
[WhiteElo "1880"]
[BlackElo "1295"]
[PlyCount "35"]
[EventDate "2020.01.18"]

1. e4 e6 2. d4 d5 3. Nc3 dxe4 4. Nxe4 Bd7 5. Nf3 Bc6 6. Bd3 Nd7 7. Qe2 Be7 8.
Bd2 Ngf6 9. O-O-O O-O 10. g4 Nxe4 11. Bxe4 Bxe4 12. Qxe4 c6 13. g5 g6 14. h4
Qb6 15. h5 c5 16. Bc3 Rad8 17. hxg6 fxg6 18. Rxh7 1-0

[Event "MARIENBAD OPEN 2020 - C - FIDE open"]
[Site "Hotel Continental, Hlavni trid"]
[Date "2020.01.18"]
[Round "1"]
[White "TEDEEVA, Olga"]
[Black "LACHMAIR, Erwin"]
[Result "1/2-1/2"]
[WhiteElo "1289"]
[BlackElo "1880"]
[PlyCount "71"]
[EventDate "2020.01.18"]

1. e4 e6 2. d4 d5 3. Nd2 Nf6 4. e5 Nfd7 5. Ngf3 c5 6. c3 Nc6 7. Bd3 Qb6 8. O-O
cxd4 9. cxd4 Nxd4 10. Nxd4 Qxd4 11. Nf3 Qb6 12. Qa4 Be7 13. Qg4 Kf8 14. b3 Qb4
15. Qh5 Qc3 16. Ng5 Bxg5 17. Qxg5 f6 18. Qh5 g6 19. Qh6+ Kg8 20. Bxg6 Qxa1 21.
Bxh7+ Rxh7 22. Qg6+ Rg7 23. Qe8+ Nf8 24. Ba3 Qxe5 25. Bxf8 Qg5 26. Bxg7+ Kxg7
27. h4 Qg6 28. Qd8 Qh6 29. Re1 Kf7 30. Re3 Qf8 31. Qc7+ Qe7 32. Qc2 e5 33. Qh7+
Ke6 34. Qg8+ Kd6 35. Rc3 Qe6 36. Qd8+ 1/2-1/2

[Event "MARIENBAD OPEN 2020 - C - FIDE open"]
[Site "Hotel Continental, Hlavni trid"]
[Date "2020.01.18"]
[Round "1"]
[White "DANKO, Jiri"]
[Black "DOBSINSKY, Petr"]
[Result "1-0"]
[WhiteElo "1876"]
[BlackElo "1263"]
[PlyCount "27"]
[EventDate "2020.01.18"]

1. e4 d6 2. d4 Nf6 3. Nc3 e5 4. Nf3 Bg4 5. dxe5 Bxf3 6. Qxf3 dxe5 7. Bd2 a6 8.
O-O-O Nbd7 9. g4 h6 10. h4 g6 11. Bc4 Qe7 12. g5 Qc5 13. Bb3 hxg5 14. hxg5 1-0

[Event "MARIENBAD OPEN 2020 - C - FIDE open"]
[Site "Hotel Continental, Hlavni trid"]
[Date "2020.01.18"]
[Round "1"]
[White "GIEMSA, Alexander"]
[Black "OSTASHEVSKII, Matvei"]
[Result "0-1"]
[WhiteElo "1861"]
[BlackElo "1211"]
[PlyCount "43"]
[EventDate "2020.01.18"]

1. e4 c6 2. b3 d5 3. Bb2 dxe4 4. Nc3 Bf5 5. g4 Bg6 6. Nge2 e6 7. Ng3 Nf6 8. Qe2
Be7 9. O-O-O h5 10. Ncxe4 Nxe4 11. Nxe4 O-O 12. Bg2 b5 13. f4 a5 14. Nc5 Qd6
15. Nb7 Qc7 16. Qe5 Qxe5 17. Bxe5 Ra7 18. Bd6 Rxb7 19. Bxb8 Rfxb8 20. h4 hxg4
21. h5 Bf5 22. h6 0-1

[Event "MARIENBAD OPEN 2020 - C - FIDE open"]
[Site "Hotel Continental, Hlavni trid"]
[Date "2020.01.18"]
[Round "1"]
[White "BUDZISZ, Adrian"]
[Black "BALIS, Sebastian"]
[Result "1-0"]
[WhiteElo "1849"]
[BlackElo "1187"]
[PlyCount "38"]
[EventDate "2020.01.18"]

1. e4 c5 2. Nf3 e6 3. b3 a6 4. Bb2 Nc6 5. Bd3 d6 6. O-O Nf6 7. Re1 Be7 8. c3
O-O 9. Bc2 Qc7 10. d3 b5 11. Nbd2 Bb7 12. Nf1 Rac8 13. Rc1 Rfd8 14. Ng3 Ba8 15.
d4 Bf8 16. h3 Be7 17. Nh4 h6 18. Nh5 Nh7 19. Qg4 Kf8 1-0

[Event "MARIENBAD OPEN 2020 - C - FIDE open"]
[Site "Hotel Continental, Hlavni trid"]
[Date "2020.01.18"]
[Round "1"]
[White "ZABRZANSKA, Weronika"]
[Black "KRATOCHVIL, David"]
[Result "1-0"]
[WhiteElo "1843"]
[BlackElo "1138"]
[PlyCount "51"]
[EventDate "2020.01.18"]

1. e4 e5 2. Nf3 Nc6 3. Bc4 Nf6 4. d3 Be7 5. c3 d6 6. O-O O-O 7. Re1 Be6 8. Bb3
Re8 9. d4 exd4 10. cxd4 d5 11. e5 Ne4 12. Nc3 Bb4 13. Bd2 Nxd2 14. Qxd2 Bxc3
15. bxc3 Bg4 16. Qf4 Bxf3 17. Qxf3 Ne7 18. Bc2 Ng6 19. g3 c6 20. h4 h6 21. Qh5
Nf8 22. f4 f6 23. Kh2 a6 24. exf6 Qxf6 25. Rxe8 Rxe8 26. Qxe8 1-0

[Event "MARIENBAD OPEN 2020 - D - Open Seniors T"]
[Site "the Polonia hotel, Hlavni trid"]
[Date "2020.01.18"]
[Round "1"]
[White "SAFYANOWSKY, Mark"]
[Black "PRACHAR, Josef"]
[Result "1-0"]
[WhiteElo "2233"]
[BlackElo "1770"]
[PlyCount "35"]
[EventDate "2020.01.18"]

1. d4 Nf6 2. c4 e6 3. Nf3 d5 4. g3 Be7 5. Bg2 O-O 6. O-O c6 7. Qc2 Nbd7 8. Nbd2
Re8 9. Rd1 Nf8 10. b3 b6 11. e4 dxe4 12. Nxe4 Bb7 13. Ne5 Qc7 14. Bf4 Nh5 15.
Ng5 f5 16. Nd7 Nxf4 17. Nxf8 Nxg2 18. Nfxe6 1-0

[Event "MARIENBAD OPEN 2020 - D - Open Seniors T"]
[Site "the Polonia hotel, Hlavni trid"]
[Date "2020.01.18"]
[Round "1"]
[White "WACKER, Manfred"]
[Black "PALEK, Miroslav"]
[Result "0-1"]
[WhiteElo "1747"]
[BlackElo "2158"]
[PlyCount "34"]
[EventDate "2020.01.18"]

1. d4 Nf6 2. c4 c5 3. d5 e5 4. dxe6 fxe6 5. Nc3 Be7 6. g3 O-O 7. Bg2 Nc6 8. Nf3
Kh8 9. Bf4 d6 10. e4 e5 11. Bg5 Nd4 12. Qd3 Bg4 13. Nxd4 cxd4 14. Ne2 Nd7 15.
Bxe7 Qxe7 16. O-O Nc5 17. Qd2 Bf3 0-1

[Event "MARIENBAD OPEN 2020 - D - Open Seniors T"]
[Site "the Polonia hotel, Hlavni trid"]
[Date "2020.01.18"]
[Round "1"]
[White "KOZAK, Milos"]
[Black "RUZICKA, Tomas"]
[Result "1-0"]
[WhiteElo "2145"]
[BlackElo "1743"]
[PlyCount "65"]
[EventDate "2020.01.18"]

1. d4 Nf6 2. c4 g6 3. g3 d5 4. cxd5 Nxd5 5. Nf3 Bg7 6. Bg2 O-O 7. O-O Nd7 8. e4
N5f6 9. Nc3 Nb6 10. h3 Bd7 11. a4 a5 12. Qe2 Qc8 13. Kh2 e6 14. Be3 Qe8 15. b3
c5 16. dxc5 Nc8 17. Rac1 Bc6 18. Nd4 e5 19. Ndb5 Bxb5 20. axb5 Qe6 21. Nd5 Rb8
22. Qd2 Rd8 23. Qxa5 Ne7 24. Nxe7+ Qxe7 25. Rfd1 Rd7 26. Rxd7 Nxd7 27. Qc7 Qe8
28. c6 bxc6 29. bxc6 Nf6 30. Qd6 Qc8 31. c7 Ra8 32. Qc6 Qa6 33. Qxa6 1-0

[Event "MARIENBAD OPEN 2020 - D - Open Seniors T"]
[Site "the Polonia hotel, Hlavni trid"]
[Date "2020.01.18"]
[Round "1"]
[White "SVEC, Jan"]
[Black "BARTOS, Jan"]
[Result "0-1"]
[WhiteElo "1733"]
[BlackElo "2123"]
[PlyCount "44"]
[EventDate "2020.01.18"]

1. d4 f5 2. Nf3 Nf6 3. g3 e6 4. Bg2 Be7 5. c4 O-O 6. O-O d6 7. Bg5 Ne4 8. Bxe7
Qxe7 9. Nbd2 Nc6 10. e3 Nf6 11. Qe2 e5 12. dxe5 dxe5 13. a3 a5 14. e4 fxe4 15.
Nxe4 Nxe4 16. Qxe4 Bf5 17. Qe3 Rad8 18. Rad1 Qf6 19. Qc3 Rxd1 20. Rxd1 Bg4 21.
Nxe5 Nxe5 22. f4 Bxd1 0-1

[Event "MARIENBAD OPEN 2020 - D - Open Seniors T"]
[Site "the Polonia hotel, Hlavni trid"]
[Date "2020.01.18"]
[Round "1"]
[White "PACL, Vaclav"]
[Black "PEKARCIK, Peter"]
[Result "1-0"]
[WhiteElo "2042"]
[BlackElo "1674"]
[PlyCount "71"]
[EventDate "2020.01.18"]

1. Nf3 d5 2. e3 Nc6 3. Bb5 Nf6 4. b3 e6 5. Bb2 Bd6 6. c4 O-O 7. Nc3 Ne5 8. cxd5
exd5 9. Nxd5 Nfg4 10. Nc3 Nxf3+ 11. gxf3 Ne5 12. d4 Ng6 13. Qc2 Qf6 14. Be2 Nh4
15. Ne4 Bb4+ 16. Kd1 Qe7 17. a3 Bd6 18. Nxd6 cxd6 19. Rg1 g6 20. d5 Bd7 21. Qc3
f6 22. e4 Rac8 23. Qe3 f5 24. Qd4 Kf7 25. Rc1 g5 26. Rxc8 Bxc8 27. Qg7+ Ke8 28.
Rxg5 Qxg7 29. Rxg7 fxe4 30. fxe4 Rxf2 31. Rxh7 Ng2 32. Bd4 Rf4 33. Bb5+ Kd8 34.
Bxa7 Bg4+ 35. Kd2 Rf2+ 36. Bxf2 1-0

[Event "MARIENBAD OPEN 2020 - D - Open Seniors T"]
[Site "the Polonia hotel, Hlavni trid"]
[Date "2020.01.18"]
[Round "1"]
[White "GRICHKEVITCH, Gilles"]
[Black "DOLEZAL, Rudolf"]
[Result "1-0"]
[WhiteElo "1985"]
[BlackElo "1645"]
[PlyCount "50"]
[EventDate "2020.01.18"]

1. e4 d6 2. d4 Nf6 3. Nc3 Nbd7 4. Bg5 e5 5. Nf3 Be7 6. Qd2 h6 7. Bxf6 Bxf6 8.
O-O-O c6 9. dxe5 dxe5 10. h4 O-O 11. g4 Nc5 12. Qe3 Qb6 13. g5 Be7 14. gxh6 g6
15. h5 Kh7 16. Ng5+ Bxg5 17. Qxg5 Ne6 18. Qf6 Qc7 19. Bh3 Rg8 20. hxg6+ fxg6
21. Bxe6 Bxe6 22. Qxe6 Rad8 23. Rhg1 Rxd1+ 24. Rxd1 Kh8 25. Rd7 Qb8 1-0

[Event "MARIENBAD OPEN 2020 - D - Open Seniors T"]
[Site "the Polonia hotel, Hlavni trid"]
[Date "2020.01.18"]
[Round "1"]
[White "BARTSCH, Marius"]
[Black "MIKULAS, Dusan"]
[Result "0-1"]
[WhiteElo "1638"]
[BlackElo "1969"]
[PlyCount "38"]
[EventDate "2020.01.18"]

1. d4 Nf6 2. Nc3 d5 3. Bf4 e6 4. e3 c5 5. dxc5 Bxc5 6. Na4 Bb4+ 7. c3 Be7 8. b4
O-O 9. Nf3 Nh5 10. Bd3 Nxf4 11. exf4 Qc7 12. Ne5 Nd7 13. Qe2 Bd6 14. O-O Nxe5
15. fxe5 Bxe5 16. Rac1 d4 17. Kh1 Bf4 18. Rc2 Qd6 19. Qf3 g6 0-1

[Event "MARIENBAD OPEN 2020 - D - Open Seniors T"]
[Site "the Polonia hotel, Hlavni trid"]
[Date "2020.01.18"]
[Round "1"]
[White "MACHO, Miloslav"]
[Black "CHMELIK, Jiri"]
[Result "1/2-1/2"]
[WhiteElo "1631"]
[BlackElo "1958"]
[PlyCount "62"]
[EventDate "2020.01.18"]

1. e4 c5 2. Nc3 Nc6 3. g3 g6 4. Bg2 Bg7 5. d3 d6 6. Nf3 e6 7. O-O Nge7 8. Re1
O-O 9. Rb1 Rb8 10. Bg5 Qd7 11. Qd2 Nd4 12. Nxd4 cxd4 13. Ne2 Nc6 14. a3 f6 15.
Bh6 Bxh6 16. Qxh6 Qg7 17. Qxg7+ Kxg7 18. b4 e5 19. Rec1 Be6 20. b5 Ne7 21. c3
dxc3 22. Rxc3 Rbc8 23. Rbc1 Rxc3 24. Rxc3 Rc8 25. Rxc8 Nxc8 26. h4 Nb6 27. Nc3
Bb3 28. f4 Kf7 29. Kf2 Ke7 30. Ke3 Na4 31. Kd2 Nc5 1/2-1/2

[Event "MARIENBAD OPEN 2020 - D - Open Seniors T"]
[Site "the Polonia hotel, Hlavni trid"]
[Date "2020.01.18"]
[Round "1"]
[White "JESENSKY, Jaromir"]
[Black "HUSAK, Antonin"]
[Result "0-1"]
[WhiteElo "1479"]
[BlackElo "1830"]
[PlyCount "26"]
[EventDate "2020.01.18"]

1. e4 c5 2. Nf3 Nc6 3. d4 cxd4 4. Nxd4 Nf6 5. Nc3 e5 6. Nxc6 bxc6 7. a3 h6 8.
Bc4 Be7 9. Be3 O-O 10. O-O Bb7 11. f3 d5 12. exd5 cxd5 13. Qd2 dxc4 0-1

[Event "MARIENBAD OPEN 2020 - D - Open Seniors T"]
[Site "the Polonia hotel, Hlavni trid"]
[Date "2020.01.18"]
[Round "1"]
[White "HORYNA, Josef"]
[Black "HORACKOVA, Isabela"]
[Result "1-0"]
[WhiteElo "1789"]
[BlackElo "1143"]
[PlyCount "48"]
[EventDate "2020.01.18"]

1. d4 d6 2. e4 c6 3. h3 Nd7 4. Nf3 g6 5. Be2 Bg7 6. O-O Ngf6 7. Nc3 Qc7 8. Re1
O-O 9. Be3 a6 10. a4 b6 11. Bf4 e5 12. Bh2 Bh6 13. g4 Bg7 14. Bf1 Re8 15. dxe5
dxe5 16. Qd2 Kh8 17. Rad1 h6 18. Qd6 Qb7 19. Bc4 Kg8 20. g5 Nh5 21. gxh6 Bxh6
22. Qxg6+ Bg7 23. Bxf7+ Kf8 24. Bxe8 Nhf6 1-0

[Event "MARIENBAD OPEN 2020 - A, B - closed tournaments"]
[Site "?"]
[Date "2020.01.24"]
[Round "2"]
[White "Bai, Adelard"]
[Black "Kovalev, Andrei"]
[Result "1/2-1/2"]
[BlackElo "2489"]
[WhiteElo "2430"]
[LiveChessVersion "1.4.8"]

1. d4 {[%clk 1:30:57]} Nf6 {[%clk 1:30:50]} 2. c4 {[%clk 1:31:17]} g6
{[%clk 1:31:00]} 3. g3 {[%clk 1:31:27]} Bg7 {[%clk 1:30:37]} 4. Bg2
{[%clk 1:31:47]} O-O {[%clk 1:30:06]} 5. Nf3 {[%clk 1:32:00]} d6 {[%clk 1:29:06]}
6. Nc3 {[%clk 1:32:22]} Nbd7 {[%clk 1:28:38]} 7. O-O {[%clk 1:31:08]} e5
{[%clk 1:29:00]} 8. e4 {[%clk 1:29:06]} exd4 {[%clk 1:29:11]} 9. Nxd4
{[%clk 1:29:19]} Nc5 {[%clk 1:29:31]} 10. Re1 {[%clk 1:23:36]} Re8
{[%clk 1:29:22]} 11. h3 {[%clk 1:21:38]} h6 {[%clk 1:29:40]} 12. Rb1
{[%clk 1:18:09]} Bd7 {[%clk 1:30:04]} 13. b4 {[%clk 1:12:31]} Ne6
{[%clk 1:30:00]} 14. Nxe6 {[%clk 1:09:39]} Bxe6 {[%clk 1:30:24]} 15. Nd5
{[%clk 1:08:11]} c6 {[%clk 1:15:45]} 16. Ne3 a5 {[%clk 1:09:30]} 17. a3
{[%clk 0:53:21]} axb4 {[%clk 1:09:31]} 18. axb4 {[%clk 0:51:34]} Ra2
{[%clk 0:58:21]} 19. Qb3 {[%clk 0:41:42]} Qa8 {[%clk 0:54:08]} 20. Rd1
{[%clk 0:34:25]} b5 {[%clk 0:38:48]} 21. Rxd6 {[%clk 0:27:00]} bxc4
{[%clk 0:38:17]} 22. Nxc4 {[%clk 0:25:30]} Bf8 {[%clk 0:19:45]} 23. Rd2
{[%clk 0:15:29]} Ra1 {[%clk 0:18:14]} 24. Rxa1 Qxa1 {[%clk 0:18:04]} 25. Qb2
{[%clk 0:13:01]} Qxb2 {[%clk 0:15:58]} 26. Bxb2 {[%clk 0:10:17]} Bxc4
{[%clk 0:07:17]} 27. Bxf6 {[%clk 0:10:39]} Bxb4 {[%clk 0:06:43]} 28. Rd4
{[%clk 0:08:14]} Bc3 {[%clk 0:07:09]} 29. Rxc4 {[%clk 0:08:40]} Bxf6
{[%clk 0:07:35]} 30. Rxc6 {[%clk 0:09:02]} Bd4 {[%clk 0:05:22]} 31. Rd6
{[%clk 0:07:50]} Bc5 {[%clk 0:05:41]} 32. Rd5 {[%clk 0:07:55]} Bb6
{[%clk 0:05:13]} 33. Bf3 {[%clk 0:06:01]} Rc8 {[%clk 0:04:56]} 34. Rd2
{[%clk 0:05:40]} Rd8 {[%clk 0:04:20]} 35. Rc2 {[%clk 0:05:50]} Rd3
{[%clk 0:04:27]} 36. Kg2 {[%clk 0:06:09]} Bd4 {[%clk 0:02:48]} 37. Be2
{[%clk 0:03:48]} Rb3 {[%clk 0:03:12]} 38. Rc8+ {[%clk 0:02:00]} Kg7
{[%clk 0:03:38]} 39. Rd8 {[%clk 0:02:09]} Bb6 {[%clk 0:00:56]} 40. Rd2
{[%clk 0:01:07]} Rb4 {[%clk 0:01:12]} 41. e5 {[%clk 0:00:31]} Re4
{[%clk 0:19:56]} 42. f4 {[%clk 0:29:22]} g5 {[%clk 0:19:44]} 43. Bf3
{[%clk 0:26:32]} Rd4 {[%clk 0:16:59]} 44. Rb2 {[%clk 0:22:44]} Ba5
{[%clk 0:15:30]} 45. Rb5 {[%clk 0:21:39]} Be1 {[%clk 0:12:38]} 46. f5
{[%clk 0:11:59]} Rd2+ {[%clk 0:09:49]} 47. Kg1 {[%clk 0:10:56]} Bf2+
{[%clk 0:08:56]} 48. Kh2 {[%clk 0:09:01]} Be1+ {[%clk 0:06:40]} 49. Bg2
{[%clk 0:09:10]} Re2 {[%clk 0:06:57]} 50. e6 {[%clk 0:01:06]} 1/2-1/2